Fiscal policy in open developing economies (Record no. 63161)

MARC details
000 -LEADER
fixed length control field 00682nam a2200157 a 4500
008 - FIXED-LENGTH DATA ELEMENTS--GENERAL INFORMATION
fixed length control field 120416s0000 ||||||||||||||||| || u
020 ## - INTERNATIONAL STANDARD BOOK NUMBER
International Standard Book Number 1557751188
050 ## - LIBRARY OF CONGRESS CALL NUMBER
Classification number HJ 1620 Fis
100 ## - MAIN ENTRY--PERSONAL NAME
Personal name Tanzi, Vito
245 10 - TITLE STATEMENT
Title Fiscal policy in open developing economies
Statement of responsibility, etc. edited by Vito Tanzi
260 ## - PUBLICATION, DISTRIBUTION, ETC.
Place of publication, distribution, etc. Washington, D. C.
Name of publisher, distributor, etc. IMF
Date of publication, distribution, etc. 1990
300 ## - PHYSICAL DESCRIPTION
Extent vii, 229p. : ill.
350 ## -
-- 0.00
995 ## -
-- ANNEX COLLECTION (Main Library)
-- 0.00
-- 008345
-- CBU-MAIN LIBRARY (Kitwe)
-- 2
-- 60.00
-- HJ 1620 Fis
-- AVAILABLE
-- 008345
-- Annex Low-Usage Collection
995 ## -
-- SPECIAL COLLECTIONS
-- 0.00
-- 024418
-- CBU-MAIN LIBRARY (Kitwe)
-- 1
-- 60.00
-- IMF(02)1990/ 12
-- AVAILABLE
-- 024418
-- Annex Low-Usage Collection
999 ## -
-- 63161
-- 63161
Holdings
Withdrawn status Lost status Source of classification or shelving scheme Damaged status Not for loan Permanent Location Current Location Shelving location Date acquired Total Checkouts Full call number Barcode Date last seen Price effective from Koha item type
          CBU-MAIN LIBRARY, KITWE. CBU-MAIN LIBRARY, KITWE.   12/24/2022   HJ 1620 Fis 008345 12/24/2022 12/24/2022 MONOGRAPH
          CBU-MAIN LIBRARY, KITWE. CBU-MAIN LIBRARY, KITWE.   12/24/2022   HJ 1620 Fis 024418 12/24/2022 12/24/2022 MONOGRAPH